Studying flowering and seed ontogeny in tropical forest trees : Manua

Bibliographic Details
Main Author: OWENS
Corporate Author: ASEAN-Canada Forest Tree Seed Centre Project
Other Authors: Sornsathapornkul, Tangmitcharoen
Format: Book
Published: Saraburi, Thailand : ASEAN-Canada Forest Tree Seed Centre Project , 1991
Subjects:

MARC

LEADER 00000cam a2200000 7i4500
001 0000000779
005 20010730.0
020 0 0 |a 9747315416 
090 0 0 |a 634.956   |b OWE 1991 
100 1 0 |a OWENS   |h J. N. 
245 1 0 |a Studying flowering and seed ontogeny in tropical forest trees :   |b Manua   |c J.N. Owens, P. Sornsathapornkul and S. Tangmitcharoen 
260 0 0 |a Saraburi, Thailand :   |b ASEAN-Canada Forest Tree Seed Centre Project ,   |c 1991 
300 |a 134 p. :   |b ill. ;   |c 25 cm. 
500 0 0 |a Bibliography: [p. 129-134] 
650 0 0 |a Plants, Flowering of 
650 0 0 |a Seeds   |x Development 
650 0 0 |a Trees   |z Tropics 
700 0 1 |a Sornsathapornkul   |h P. 
700 0 1 |a Tangmitcharoen   |h S. 
710 1 1 |a ASEAN-Canada Forest Tree Seed Centre Project 
998 |a JPSM 
999 |a 0000000598   |b Monograph   |c Open Shelf   |e Default branch 
999 |a 0000001935   |b Monograph   |c Open Shelf   |e Default branch 
999 |a 0000002654   |b Monograph   |c Open Shelf   |e Default branch